| 000 | 00902nam a2200145Ia 4500 | ||
|---|---|---|---|
| 008 | 231221s9999 xx 000 0 und d | ||
| 041 | _aEnglish | ||
| 082 | _aCPEC15-1089 | ||
| 100 | _aKavya, S. Dhatri, M P. Sushma, R. Krupa, B N. Muktanidhi, S D. Girija Kumar, B. | ||
| 245 | 0 | _aControlling The Hand And Forearm Movements Of An Orthotic Arm Using Surface Emg Signals | |
| 260 | _c2015 | ||
| 500 | _aControlling The Hand And Forearm Movements Of An Orthotic Arm Using Surface Emg Signals Kavya.S, Dhatri.M.P, Sushma.R, Krupa B.N, Muktanidhi.S.D, Girija Kumar B Department of Telecommunication Engineering, PESIT,Bangalore, India Department of Physiology, BMC Bangalore, India bnkrupa@pes.edu, girijabmcri@gmail.com India Conference (INDICON), 2015 Annual IEEE, pp. 1-6. IEEE, December 2015. | ||
| 650 | _aControlling,Hand,Forearm,Movements,Orthotic,Arm,Using,Surface,Emg,Signals | ||
| 942 | _cIR | ||
| 999 |
_c233614 _d233614 |
||